Estsbishment of agroforestrybsystem in the low land areas in cambodia ការបង្កើតប្រពន្ធ័កសិរុក្ខកម្មគំរូនៅតំបន់ទំនាបកណ្ដាលកម្ពុជា (Record no. 1117)

000 -LEADER
fixed length control field 00601nam a22001337a 4500
040 ## - CATALOGING SOURCE
Transcribing agency RUA
082 ## - DEWEY DECIMAL CLASSIFICATION NUMBER
Classification number AGR TEC 2011 B048 Or.1
100 ## - MAIN ENTRY--AUTHOR NAME
Personal name TECH, THAIHUON.
245 ## - TITLE STATEMENT
Title Estsbishment of agroforestrybsystem in the low land areas in cambodia ការបង្កើតប្រពន្ធ័កសិរុក្ខកម្មគំរូនៅតំបន់ទំនាបកណ្ដាលកម្ពុជា
260 ## - PUBLICATION, DISTRIBUTION, ETC. (IMPRINT)
Place of publication Phnom Penh
Name of publisher RUA
Year of publication 2011
300 ## - PHYSICAL DESCRIPTION
Number of Pages xii, 39p.
Other physical details ill.
Dimensions 29cm.
856 ## - ELECTRONIC LOCATION AND ACCESS
Uniform Resource Identifier https://drive.google.com/file/d/16tuZ2zp5jSQpIkX13nq6h0iGyAZUEUqZ/view?usp=sharing
942 ## - ADDED ENTRY ELEMENTS (KOHA)
Koha item type AGR
952 ## - LOCATION AND ITEM INFORMATION (KOHA)
Withdrawn status [LOCAL, KOHA] 0
952 ## - LOCATION AND ITEM INFORMATION (KOHA)
Withdrawn status [LOCAL, KOHA] 0
952 ## - LOCATION AND ITEM INFORMATION (KOHA)
Withdrawn status [LOCAL, KOHA] 0
952 ## - LOCATION AND ITEM INFORMATION (KOHA)
Withdrawn status [LOCAL, KOHA] 0
Holdings
Permanent Location Date acquired Koha item type Lost status Shelving location Barcode Current Location Full call number
Library Block B2015-09-23AGR B048RUA000178Library Block BAGR TEC 2011 B048 Or.1
Library Block B2015-09-23AGR B048RUA000034Library Block BAGR TEC 2011 B048 Or.2
Library Block B2015-09-23AGR B048RUA000100Library Block BAGR TEC 2011 B048 Or.3
Library Block B2015-09-23AGR B048RUA000028Library Block BAGR TEC 2011 B048 Or.4
មជ្ឈមណ្ឌលឯការនៃសាកលវិទ្យាល័យភូមិន្ទកសិកម្មចំការដូង

Powered by Koha